Return of the "rightful remedy": (Record no. 507921)

000 -LEADER
fixed length control field 00570nam a2200169 4500
008 - FIXED-LENGTH DATA ELEMENTS--GENERAL INFORMATION
fixed length control field 190301b ||||| |||| 00| 0 eng d
100 ## - MAIN ENTRY--PERSONAL NAME
Personal name Olson, Adam
245 ## - TITLE STATEMENT
Title Return of the "rightful remedy":
Remainder of title Partisan federalism, resource availability, and nullification legislation in the American states
260 ## - PUBLICATION, DISTRIBUTION, ETC. (IMPRINT)
Date of publication, distribution, etc 2018
300 ## - PHYSICAL DESCRIPTION
Extent p.495-522.
650 ## - SUBJECT ADDED ENTRY--TOPICAL TERM
Topical term or geographic name as entry element Federalism - U.S.A.
9 (RLIN) 2781
700 ## - ADDED ENTRY--PERSONAL NAME
Personal name Callaghan, Timonthy
9 (RLIN) 2782
700 ## - ADDED ENTRY--PERSONAL NAME
Personal name Karch, Andrew
9 (RLIN) 2783
773 ## - HOST ITEM ENTRY
Main entry heading Publius: The Journal of Federalism
906 ## - LOCAL DATA ELEMENT F, LDF (RLIN)
Subject DIP Federalism - U.S.A.
942 ## - ADDED ENTRY ELEMENTS (KOHA)
Source of classification or shelving scheme
Item type Articles
Holdings
Withdrawn status Lost status Source of classification or shelving scheme Damaged status Not for loan Permanent location Current location Date acquired Serial Enumeration / chronology Barcode Date last seen Koha item type
          Indian Institute of Public Administration Indian Institute of Public Administration 2019-03-01 48(3), Summer, 2018: p.495-522. AR119081 2019-03-01 Articles

Powered by Koha